The art of the scroll saw / Patrick Spielman.
Available copies
- 1 of 1 copy available at LARL/NWRL Consortium. (Show)
- 1 of 1 copy available at Lake Agassiz Regional Library.
Current holds
0 current holds with 1 total copy.
Show All Copies
| Location | Call Number / Copy Notes | Barcode | Shelving Location | Status | Due Date |
|---|---|---|---|---|---|
| Moorhead Public Library | 745.51 Spi (Text) | 33500005885751 | Main | Available | - |
Record details
- ISBN: 0806908548
- Physical Description: 160 p. : ill. (some col.) ; 26 cm.
- Publisher: New York : Sterling Pub. Co., c1995.
Content descriptions
| General Note: | "A Sterling/Chapelle book." Includes index. |
Search for related items by subject
| Subject: | Jig saws. Woodwork > Patterns. |
| Topic Heading: | Scrollwork. |
| LDR | 01019cam a2200301Ia 4500 | ||
|---|---|---|---|
| 001 | 16446 | ||
| 003 | LARL_NWRL_CONSORTIUM | ||
| 005 | 19950906134508.0 | ||
| 008 | 941208s1995 nyua 001 0 eng | ||
| 010 | . | ‡a94047991 | |
| 020 | . | ‡a0806908548 | |
| 035 | . | ‡a(OCoLC)31737428 | |
| 040 | . | ‡aDLC ‡cDLC | |
| 082 | 0 | 0. | ‡a745.51 ‡220 |
| 092 | . | ‡a745.51 ‡bSpi | |
| 100 | 1 | . | ‡aSpielman, Patrick E. ‡0(LARL_NWRL_CONSORTIUM)59671 |
| 245 | 1 | 4. | ‡aThe art of the scroll saw / ‡cPatrick Spielman. |
| 260 | . | ‡aNew York : ‡bSterling Pub. Co., ‡cc1995. | |
| 300 | . | ‡a160 p. : ‡bill. (some col.) ; ‡c26 cm. | |
| 500 | . | ‡a"A Sterling/Chapelle book." | |
| 500 | . | ‡aIncludes index. | |
| 650 | 0. | ‡aJig saws. ‡0(LARL_NWRL_CONSORTIUM)23851 | |
| 650 | 0. | ‡aWoodwork ‡vPatterns. ‡0(LARL_NWRL_CONSORTIUM)39479 | |
| 690 | . | ‡aScrollwork. | |
| 901 | . | ‡a16446 ‡bOCLC ‡c16446 ‡tbiblio | |

Add to basket
Permalink
Disable Highlighting